[Event "AUTO-ADV-48"]
[Site "http://www.queenalice.com/game.php?id=16998"]
[Date "2005.6.22"]
[Round "1"]
[White "laxir"]
[Black "Soncini"]
[Result "0-1"]
[WhiteElo "1552"]
[BlackElo "1617"]

1. e4 e6 2. Nc3 d5 3. exd5 exd5 4. d4 c5 5. Qe2+ Be6 6. Qb5+ Qd7 7. Be3 Qxb5 8.
Nxb5 Na6 9. dxc5 Bd7 10. O-O-O Be6 11. Nd6+ Bxd6 12. cxd6 Nb4 13. Kb1 Kd7 14.
Bf4 Nf6 15. Bb5+ Nc6 0-1

[Event "Challenge"]
[Site "http://www.queenalice.com/game.php?id=17102"]
[Date "2005.6.22"]
[Round "-"]
[White "chess_king"]
[Black "laxir"]
[Result "0-1"]
[WhiteElo "1300"]
[BlackElo "1300"]

1. e4 Nc6 2. d4 e5 3. Nf3 exd4 4. Nxd4 Bb4+ 5. Bd2 Bxd2+ 6. Qxd2 Qf6 7. c3 d6 8.
Nxc6 bxc6 9. Bd3 Ne7 10. Qe3 O-O 0-1

[Event "Challenge"]
[Site "http://www.queenalice.com/game.php?id=17129"]
[Date "2005.6.23"]
[Round "-"]
[White "edw"]
[Black "laxir"]
[Result "0-1"]
[WhiteElo "1275"]
[BlackElo "1563"]

1. e4 e5 2. Nf3 Nc6 3. Bc4 Nf6 4. Ng5 d5 5. exd5 Nxd5 6. Bxd5 Qxd5 7. Nc3 Qxg2
8. Rf1 Qxg5 9. d4 Qg2 10. Be3 Qxh2 11. Nd5 e4 12. Nc3 Bh3 13. Qe2 Bxf1 14. Qxf1
Nb4 15. Rc1 O-O-O 16. Nb5 Nc6 17. c3 Be7 18. Rc2 a6 19. c4 axb5 20. cxb5 Bb4+
21. Kd1 Nxd4 22. Bxd4 Qh5+ 23. Re2 Rxd4+ 24. Kc2 Qd5 25. Kc1 Rc4+ 26. Kb1 Rd8
27. a4 Qd3+ 28. Ka1 Qb3 29. Re3 Rd1+ 30. Qxd1 Qxd1+ 31. Ka2 Qc2 32. f4 Rd4 33.
Rb3 Qc4 0-1

[Event "Pinar R. vs C. Hab."]
[Site "http://www.queenalice.com/game.php?id=17604"]
[Date "2005.6.27"]
[Round "-"]
[White "laxir"]
[Black "Asterix"]
[Result "0-1"]
[WhiteElo "1412"]
[BlackElo "1858"]

1. e4 e5 2. Nf3 Nc6 3. Nc3 Nf6 4. d4 exd4 5. Nxd4 d6 6. Bb5 Bd7 7. Nxc6 bxc6 8.
Bc4 Be7 9. O-O O-O 10. Qf3 d5 11. exd5 Bg4 12. Qd3 cxd5 13. Nxd5 Nxd5 14. Bxd5
Rb8 15. Qe4 Bc5 16. Qxg4 Qxd5 17. b3 Bd4 18. Rb1 Rfe8 19. Bb2 Bxb2 20. Rxb2 Qc5
21. Rbb1 Qxc2 22. a4 Rxb3 23. Rbc1 Qd3 24. Rxc7 Qxf1+ 0-1

[Event "Cuba vs Canada"]
[Site "http://www.queenalice.com/game.php?id=17702"]
[Date "2005.6.28"]
[Round "-"]
[White "laxir"]
[Black "jimwilson"]
[Result "1-0"]
[WhiteElo "1548"]
[BlackElo "1871"]

1. e4 c6 2. d4 d5 3. exd5 cxd5 4. Nc3 Bf5 5. Nf3 Nc6 6. Bf4 e6 7. Bb5 Ne7 8. O-O
Bg4 9. h3 Bh5 10. Qd3 a6 11. Bxc6+ Nxc6 12. a3 Bxf3 13. gxf3 Qh4 14. Ne2 Qxh3
15. Rfc1 Ne7 16. c4 Nf5 17. Bg3 h5 18. Nf4 Qxg3+ 19. fxg3 Nxg3 20. cxd5 exd5 21.
Nxd5 Bd6 22. Nc7+ Bxc7 23. Rxc7 O-O 24. Rxb7 Rfd8 25. Kg2 h4 26. Kh3 g5 27. Re1
Rf8 28. f4 Nh5 29. Qf5 Nxf4+ 30. Kg4 1-0

[Event "Cuba vs EspaÃ±a"]
[Site "http://www.queenalice.com/game.php?id=19774"]
[Date "2005.7.15"]
[Round "-"]
[White "laxir"]
[Black "franliro"]
[Result "0-1"]
[WhiteElo "1697"]
[BlackElo "1879"]

1. e4 c5 2. Nf3 d6 3. Bc4 Nf6 4. e5 dxe5 5. Nxe5 e6 6. d3 Bd6 7. Bf4 Qc7 8. Qe2
Nbd7 9. Nxf7 Bxf4 10. Qxe6+ Kf8 11. Nxh8 Ne5 12. Qf7+ Nxf7 13. Bxf7 Qe5+ 14. Kf1
Qxb2 15. Ke2 Qxa1 16. Re1 Bg4+ 17. f3 Bh5 18. Be6 Re8 19. Kf2 Rxe6 20. Rxe6 Qxb1
21. Re2 Bxh2 0-1

[Event "Cuba vs EEUU"]
[Site "http://www.queenalice.com/game.php?id=21803"]
[Date "2005.7.28"]
[Round "-"]
[White "laxir"]
[Black "tpstar"]
[Result "0-1"]
[WhiteElo "1737"]
[BlackElo "1823"]

1. e4 e5 2. Nf3 Nc6 3. d4 exd4 4. Nxd4 Bc5 5. Nf5 d5 6. exd5 Bxf5 7. dxc6 Bxf2+
8. Ke2 Bg4+ 9. Kxf2 Bxd1 10. cxb7 Rb8 11. Ba6 Qf6+ 12. Ke1 Qxa6 13. Kxd1 Qxb7
14. Nc3 Rd8+ 15. Ke1 Qxg2 16. Rf1 Rd6 17. Be3 Re6 18. Nd1 Nf6 19. Rf2 Qg1+ 20.
Ke2 Rxe3+ 0-1

[Event "Cuba vs EEUU"]
[Site "http://www.queenalice.com/game.php?id=21804"]
[Date "2005.7.29"]
[Round "-"]
[White "tpstar"]
[Black "laxir"]
[Result "1-0"]
[WhiteElo "1917"]
[BlackElo "1505"]

1. e4 e5 2. Nf3 Nc6 3. Bb5 Nf6 4. Qe2 Bd6 5. Bxc6 dxc6 6. d4 Qe7 7. Bg5 h6 8.
Bh4 Be6 9. dxe5 Bxe5 10. Nxe5 g5 11. Bg3 h5 12. h4 g4 13. Nc3 O-O-O 14. Nd3 Rhe8
15. O-O-O b6 16. Ne5 Qc5 17. Qa6+ Kb8 18. Na4 Rxd1+ 19. Rxd1 Qb5 20. Qxb5 cxb5
21. Nc3 b4 22. Nc6+ Ka8 23. Nxb4 Rc8 24. Nbd5 Ne8 25. Nf4 Bc4 26. Nxh5 b5 27. b3
b4 28. bxc4 bxc3 29. Rd3 1-0

[Event "Cuba vs EspaÃ±a"]
[Site "http://www.queenalice.com/game.php?id=22580"]
[Date "2005.8.4"]
[Round "-"]
[White "franliro"]
[Black "laxir"]
[Result "1-0"]
[WhiteElo "1924"]
[BlackElo "1505"]

1. e4 e5 2. Nf3 Nc6 3. Bb5 Nf6 4. O-O Bd6 5. d3 h6 6. c3 a6 7. Ba4 Bc5 8. Bxc6
dxc6 9. Nxe5 Bd6 10. Nc4 Ng4 11. h3 Nh2 12. Re1 O-O 13. e5 b5 14. Nxd6 cxd6 15.
Kxh2 Be6 16. Qf3 d5 17. Qg3 Kh7 18. d4 Qc8 19. Nd2 c5 20. Nb3 cxd4 21. Nxd4 Rb8
22. Qd3+ Kh8 23. f4 Bd7 24. f5 f6 25. e6 Be8 26. Bf4 Rb6 27. Re3 Rg8 28. Rae1 b4
29. cxb4 Rxb4 30. Qc3 Rc4 31. Qd2 g5 32. Bd6 Qd8 33. Ba3 Qb6 34. Rd3 Ra4 35. Be7
Qc7+ 36. Kh1 Qxe7 37. b3 Ra3 38. Qb2 Bh5 39. Nc6 Qf8 40. e7 Qe8 41. Qxa3 Qxc6
42. Re6 Qb5 43. Qxa6 Qd7 44. Rxf6 Kg7 45. Rxh6 Qxf5 46. Rxh5 Qf1+ 47. Kh2 Qe2
48. Qh6+ Kf7 49. Rf3+ Kxe7 50. Qf6+ Kd7 51. Rh7+ Kc8 52. Qc6+ Kb8 53. Qb7# 1-0

[Event "Let's Play Chess!"]
[Site "http://www.queenalice.com/game.php?id=30596"]
[Date "2005.9.27"]
[Round "-"]
[White "laxir"]
[Black "larryb"]
[Result "1-0"]
[WhiteElo "1505"]
[BlackElo "1440"]

1. e4 e5 2. Nf3 d6 3. d4 Bg4 4. dxe5 Qe7 5. Nc3 Nc6 6. Nd5 Qd7 7. Bb5 dxe5 8.
Nxe5 Qe6 9. Nxc7+ Ke7 10. Nxe6 Bxd1 11. Nxf8 Bxc2 12. Nfd7 Nd4 13. Bc4 Nf6 14.
Nxf6 gxf6 15. Nxf7 Rhe8 16. O-O Bxe4 17. Bf4 Rac8 18. Nd6 Nf3+ 19. Kh1 Nd2 20.
Rfe1 Kd8 21. Bxd2 Rc6 22. Bb4 Rg8 23. Rxe4 1-0

[Event "AUTO-ADV-86"]
[Site "http://www.queenalice.com/game.php?id=30850"]
[Date "2005.9.28"]
[Round "1"]
[White "Broa"]
[Black "laxir"]
[Result "0-1"]
[WhiteElo "1461"]
[BlackElo "1525"]

1. e4 e5 2. Qh5 Nh6 3. Qxe5+ Qe7 4. Qxc7 Qxe4+ 5. Ne2 Na6 6. Nc3 Qxc2 7. Qe5+
Kd8 8. Nd4 Ng4 9. Qg5+ Be7 10. Qxg4 d6 11. Qxg7 Qg6 12. Qxh8+ Kd7 13. Nf5 Qxf5
14. Bb5+ Kc7 15. Qd4 Qe6+ 16. Be2 Bd7 17. O-O Bf6 18. Qd3 Nc5 19. Qxh7 Qe5 20.
Re1 Rh8 21. Qxh8 Bxh8 22. b4 Nd3 23. Rf1 Nxb4 24. Bb2 Bc6 25. f4 Qg7 26. a3
Qxg2# 0-1

[Event "AUTO-ADV-86"]
[Site "http://www.queenalice.com/game.php?id=30851"]
[Date "2005.9.28"]
[Round "1"]
[White "laxir"]
[Black "Broa"]
[Result "1-0"]
[WhiteElo "1543"]
[BlackElo "1534"]

1. e4 e6 2. d4 Qh4 3. Qe2 Bb4+ 4. c3 Bf8 5. Nf3 Qe7 6. Bf4 d6 7. Qc2 h6 8. Bd3
g5 9. Bg3 h5 10. h4 g4 11. Qa4+ Bd7 12. Qb4 b6 13. Nfd2 a5 14. Qc4 Bc8 15. e5 d5
16. Qa4+ Bd7 17. Qa3 Qd8 18. Qb3 Bc6 19. Bf4 Bh6 20. g3 Bxf4 21. gxf4 f5 22. Na3
a4 23. Qb4 Qd7 24. f3 Nh6 25. Rg1 Na6 26. Bxa6 Rxa6 27. c4 Rg8 28. c5 Kf7 29.
Rb1 gxf3 30. Rxg8 Kxg8 31. Nxf3 Qg7 32. Rd1 Qg3+ 33. Ke2 Qxf4 34. Rg1+ Ng4 35.
Nc2 Kf7 36. cxb6 Rxb6 37. Qc5 Bb5+ 38. Ke1 Qe4+ 39. Kd2 Rb7 40. Ng5+ Ke8 41.
Nxe4 fxe4 42. Na3 e3+ 43. Ke1 Ba6 44. Qc6+ Kd8 45. Qxa6 Rxb2 46. Qxe6 Rxa2 47.
Qxd5+ Kc8 48. Qxa2 1-0

[Event "AUTO-ADV-86"]
[Site "http://www.queenalice.com/game.php?id=30864"]
[Date "2005.9.28"]
[Round "1"]
[White "big2003"]
[Black "laxir"]
[Result "1-0"]
[WhiteElo "1629"]
[BlackElo "1568"]

1. c4 e5 2. Nc3 d6 3. e4 Na6 4. Nf3 Nf6 5. d3 Be7 6. Be2 Be6 7. O-O Qd7 8. Ng5
O-O-O 9. Nf3 h6 10. Be3 Kb8 11. Qa4 Qxa4 12. Nxa4 Nb4 13. a3 Nc2 14. Rab1 Ng4
15. Bd2 Bg5 16. Bxg5 Rde8 17. Bd2 h5 18. Ng5 Nd4 19. Bxg4 Bxg4 20. Nxf7 Be2 21.
Rfe1 Rhf8 22. Ng5 Bxd3 23. Rbc1 Ne2+ 24. Rxe2 Bxe2 25. Bb4 Rf4 26. b3 Ref8 27.
f3 Rh8 28. Ne6 Rf7 29. Nc3 Bd3 30. Nd5 c5 31. Bd2 Rh6 32. Bxh6 gxh6 33. Rd1 Bc2
34. Rc1 Bxb3 35. Kf2 h4 36. Ke3 Ba4 37. Rb1 Bd7 38. Nec7 h3 39. g3 Kc8 40. Nb5
a6 41. Nxd6+ Kb8 42. Nxf7 Ka7 43. Nd8 h5 44. Rxb7+ 1-0

[Event "AUTO-ADV-86"]
[Site "http://www.queenalice.com/game.php?id=30865"]
[Date "2005.9.28"]
[Round "1"]
[White "laxir"]
[Black "big2003"]
[Result "0-1"]
[WhiteElo "1535"]
[BlackElo "1629"]

1. e4 e5 2. Nf3 Nc6 3. d4 d6 4. d5 Nce7 5. Bg5 Nf6 6. Bc4 Ng6 7. Nc3 Be7 8. Qd2
O-O 9. h4 Nd7 10. h5 Bxg5 11. Nxg5 Nf4 12. g3 Qxg5 13. gxf4 Qxf4 14. Qxf4 exf4
15. h6 g5 16. O-O-O Ne5 17. Be2 Bg4 18. f3 Bxf3 19. Bxf3 Nxf3 20. Nb5 Rfc8 21.
Rdf1 Ne5 22. Nd4 Rf8 23. Rh5 f6 24. Ne6 Rfc8 25. b3 c6 26. Rg1 cxd5 27. exd5 f3
28. Rf1 Kf7 29. Nd4 g4 30. Nf5 Rd8 31. Rh4 Rac8 32. Ne3 Rg8 33. Nf5 Rcd8 34. Ng3
Rg5 35. a4 Rc8 36. Kb2 Rc5 37. Ne4 Rxd5 38. Nxg5+ fxg5 39. Rh5 Kg6 40. Rhh1 Kf5
41. Re1 g3 42. Rh3 f2 43. Rf1 Rd2 44. Rxg3 g4 0-1

[Event "EspaÃ±a VS Cuba"]
[Site "http://www.queenalice.com/game.php?id=32481"]
[Date "2005.10.10"]
[Round "-"]
[White "laxir"]
[Black "franliro"]
[Result "0-1"]
[WhiteElo "1543"]
[BlackElo "1964"]

1. e4 c5 2. Bc4 Nc6 3. Qh5 e6 4. Nf3 Nf6 5. Qh4 d6 6. O-O Be7 7. d3 e5 8. Nc3 h6
9. a3 O-O 10. Bd2 Na5 11. Rae1 Nxc4 12. dxc4 Ng4 13. Qg3 f5 14. Nh4 Bxh4 15. Qd3
Bxf2+ 16. Rxf2 Nxf2 17. Kxf2 fxe4+ 18. Kg1 exd3 19. cxd3 Bf5 20. Re3 Qg5 21. Re2
Qg6 22. Nd5 Rf7 23. Re3 Bxd3 24. b3 Rf1# 0-1

[Event "Challenge"]
[Site "http://www.queenalice.com/game.php?id=33300"]
[Date "2005.10.15"]
[Round "-"]
[White "ari"]
[Black "laxir"]
[Result "0-1"]
[WhiteElo "1124"]
[BlackElo "1568"]

1. e4 e5 2. Nf3 Nc6 3. Nc3 Nf6 4. Bb5 Bd6 5. Bxc6 dxc6 6. d4 Bd7 7. O-O Qe7 8.
Qd3 Bg4 9. h3 Bxf3 10. Qxf3 exd4 11. Nd1 Qe5 12. Re1 Qh2+ 13. Kf1 O-O-O 14. Bg5
Rde8 15. Bxf6 gxf6 16. Qxf6 Rhg8 17. Qf5+ Kb8 18. Qxf7 Qxg2+ 19. Ke2 Rxe4+ 20.
Kd3 Rxe1 21. Qxg8+ Qxg8 0-1

[Event "Challenge"]
[Site "http://www.queenalice.com/game.php?id=35791"]
[Date "2005.10.31"]
[Round "-"]
[White "franliro"]
[Black "laxir"]
[Result "1-0"]
[WhiteElo "1825"]
[BlackElo "1523"]

1. e4 Nc6 2. d4 e5 3. d5 Na5 4. a3 Nf6 5. Bd3 b6 6. b4 Nb7 7. Bb2 d6 8. Nf3 h6
9. Nbd2 Qd7 10. Bb5 Qxb5 11. c4 Qd7 12. O-O Be7 13. Re1 Nh5 14. Nxe5 dxe5 15.
Qxh5 g6 16. Qxe5 f6 17. Qg3 Rg8 18. e5 1-0